| 000 | 00553nam a22001817a 4500 | ||
|---|---|---|---|
| 008 | 230711b |||||||| |||| 00| 0 eng d | ||
| 040 |
_aNational Science Library _cNational Science Library |
||
| 080 |
_a627.4 _bP4 |
||
| 100 | _aOak, Rajivder Anant | ||
| 245 | _aनदी नियंतरन तकनिक | ||
| 246 | _aNadee niyantran taknik | ||
| 260 |
_aPune: _bKendriye Jal and Vidut Anushandhan Shala, _c2004 |
||
| 300 | _a170p. | ||
| 650 | _aElectricity | ||
| 653 | _aRiver | ||
| 700 | _aPawar, Mahender Kumar | ||
| 942 |
_2udc _cHBK |
||
| 999 |
_c51215 _d51215 |
||